000 00559cam a2200181 4500500
005 20260405001306.0
041 _afre
042 _adc
100 1 0 _aLequin, Mathilde
_eauthor
245 0 0 _aÉtats-Unis, Newport. L’utopie de Berkeley
260 _c2012.
500 _a81
690 _aBerkeley
690 _aRêve américain
690 _aUniversité
786 0 _nPhilosophie magazine | 60 | 6 | 2012-06-01 | p. 19-19 | 1951-1787
856 4 1 _uhttps://shs.cairn.info/magazine-philosophie-magazine-2012-6-page-19?lang=fr&redirect-ssocas=7080
999 _c2046037
_d2046038